000 00873nam a2200277Ia 4500
003 OSt
005 20250806095049.0
008 210210b1945 xxu||||| |||| 00| 0 eng d
040 _cAL
041 _aKannada
082 _a852/543
100 _aVENKATARAMANA SHASTRI Tr
_dವೆಂಕಟರಮಣ ಶಾಸ್ತ್ರಿ tr
_9234162
245 _aVishnu dharmottara mahapuranam: DvitIya khanda bhaga 1
_bವಿಷ್ಣು ಧರ್ಮೋತ್ತರ ಮಹಾಪುರಾಣಂ: ದ್ವಿತೀಯ ಖಂಡ
260 _aMaisUru
_b-
_c1945
440 _a1
_9234163
650 _aVishNu
_9234164
650 _amahapuraNam:
_9234165
650 _akhanDa
_9234166
650 _aDvitIya
_9234167
650 _adharmottara
_9234168
650 _abhaga
_9234169
650 _a1
_9234170
690 _aKannada Prose
_9234171
906 _a019109
942 _2ddc
_cBK
999 _c143219
_d143219